000 00659cam a2200229 4500
001 WB3642-32
008 000000n2000 000 0 eng u
035 _a(Sirsi) u108987
245 _aRICS to open in Beijing
260 _c2000
490 _aRICS Press Release
_v(121) 25 October 2000, (2)
520 _aThe RICS is to set up an office in Beijing, following the creation of RICS-accredited surveying courses in Chinese universities.
590 _aWB
650 _aBEIJING
650 _aCHARTERED SURVEYING
650 _aRICS
650 _aGLOBALISATION
650 _aCHINA
650 _aEXPANSION PLANS
690 _aRICS NEWS
942 _n0
999 _c65087
_d65087